| 000 | 00499nam a2200145 a 4500 | ||
|---|---|---|---|
| 001 | 000031647 | ||
| 005 | 20200930063057.0 | ||
| 008 | 110629s1968 dr 000 0 spa d | ||
| 040 |
_aDO-SdBNP _bspa _cBNPHU |
||
| 100 | 1 |
_aCastellanos y Ortega, Nina _957947 |
|
| 245 | 1 | 0 |
_aBreve historia de la literatura dominicana : _badaptada al programa de la enseƱanza intermedia / _cNina Castellanos y Ortega. |
| 260 |
_aSanto Domingo : _b[s.n.], _c1968. |
||
| 300 |
_a76 p. : _bil., re ; _c22 cm. |
||
| 049 | _aBNPD | ||
| 999 |
_c31139 _d31139 |
||